| 000 | 00461nam a2200157Ia 4500 | ||
|---|---|---|---|
| 999 |
_c18030 _d18030 |
||
| 003 | OSt | ||
| 005 | 20200606120049.0 | ||
| 008 | 190216s9999||||xx |||||||||||||| ||und|| | ||
| 040 | _cMESKC library | ||
| 082 |
_a891.43 _bSHA/N |
||
| 100 |
_aSharma, Ramvilas _9171 |
||
| 245 | 0 |
_aNirala Ki Sahithya Sadana / _cRamvilas Sharma |
|
| 260 |
_bRajakamal Prakashan, _aDelhi : |
||
| 300 | _a443p | ||
| 942 |
_cBK _2ddc _h891.43 _iSHA/N _k891.43 _mSHA/N |
||